[Event "RUS-ch sf 58th"]
[Site "Kazan"]
[Date "2005.09.03"]
[Round "1"]
[White "Bezgodov, Alexei"]
[Black "Khalifman, Alexander"]
[Result "1/2-1/2"]
[WhiteElo "2548"]
[BlackElo "2653"]
[Annotator "Erenburg,S"]
[PlyCount "88"]
[EventDate "2005.09.03"]
[EventType "swiss"]
[EventRounds "9"]
[EventCountry "RUS"]
[SourceTitle "CBM 109"]
[Source "ChessBase"]
[SourceDate "2005.11.14"]
[SourceVersion "1"]
[SourceVersionDate "2005.11.14"]
[SourceQuality "1"]

1. e4 g6 2. d4 Bg7 3. Nc3 d6 4. Nf3 Nf6 5. Be2 O-O 6. O-O Bg4 {Black chooses
the theoretical line, where he solves immediately the problem of light-squared
bishop by changing it. Other theoretical possibilities are:} (6... Nc6 {
1/2-1/2 Pelletier,Y-Smirin,I/Biel 2003/CBM 97_01/[Erenburg] (46)}) (6... e6 $5
{1-0 Azarov,S-Gretarsson,H/Rethymnon 2003/CBM 98/[Erenburg] (45)}) (6... a6 $5
{1/2-1/2 Arizmendi Martinez,J-Comas Fabrego,L/Sanxenxo 2004/CBM 105_01/
[Erenburg] (34)}) (6... c6 {0-1 Fominyh,A-Morozevich,A/Sochi 2004/[Erenburg] 
(40)}) (6... c5 $5 {1/2-1/2 Jerez Perez,A-Franco Ocampos,Z/Sanxenxo 2004/CBM
105_01/[Erenburg] (32)}) 7. Be3 {strengthening the centre. White has the
following alternatives:} (7. Ng5 {1/2-1/2 Akopian,V-Timman,J/Wijk aan Zee 2004/
CBM 99/[Erenburg] (30)}) (7. Bg5 {1/2-1/2 Matlakov,M-Lugovoi,A/St Petersburg
2004/[Erenburg] (23)}) (7. h3 {1/2-1/2 Tseitlin,M-Chernin,A/Beersheba 1992/CBM
30/[Stohl] (45)}) 7... Nc6 8. Qd2 (8. h3 {1/2-1/2 Ivanchuk,V-Hillarp Persson,T/
Malmo 2003/CBM 95/[Erenburg] (18)}) (8. Nd2 $5 {1/2-1/2 Stefansson,H-Hansen,S/
Esbjerg 2002/CBM 91/[Finkel,A] (60)}) 8... e5 {attacking white's centre.} 9.
dxe5 {White changes the "d" pawns, hoping, to get a slight advantage, thanks
to better located dark-squared bishop. Another option is to close the centre:}
(9. d5 Ne7 10. Rad1 Bd7 11. Ne1 Ng4 12. Bxg4 Bxg4 13. f3 Bd7 14. f4 Bg4 15. Rb1
exf4 $5 $146 16. Rxf4 Bd7 17. Bd4 Bxd4+ 18. Qxd4 f5 $1 $10 {0-1 Greenfeld,
A-Anand,V/Lyon 1994/CBM 045/[Stohl] (45)}) 9... dxe5 10. Rad1 Qc8 $1 {avoiding
the trade of the queens. Other continuations are:} (10... Qe7 11. Bg5 $5 Bxf3
12. Bxf3 Qc5 $6 13. Bxf6 $5 Bxf6 14. Nd5 Qd6 15. Qe3 Nd4 $6 16. c3 Nxf3+ 17.
Qxf3 $14 {[%csl Rf6] 1-0 Hansen,L-Peng Xiaomin/Istanbul 2000/EXT 2001/[Finkel,
A] (43)}) (10... Qxd2 11. Rxd2 Rfd8 12. Rfd1 Rxd2 13. Rxd2 Ne8 14. Nd5 {
1-0 Larsen,B-Ivkov,B/Santa Monica 1966/MCL/[Ftacnik] (57)}) 11. Qc1 {moving
away the queen from the "d" file.} Rd8 12. Rxd8+ Nxd8 {Black prefered to take
with the knight, in order to transfer it to e6.} (12... Qxd8 13. Rd1 Qf8 14. h3
Bxf3 15. Bxf3 Rd8 16. Nb5 Rxd1+ 17. Qxd1 Qb8 18. Qd3 a6 19. Nc3 Qd8 20. Qxd8+
Nxd8 21. Na4 Ne6 22. Nc5 Nxc5 23. Bxc5 $14 {1-0 Miles,A-Reinderman,D/Escaldes
1998/CBM 068 (61)}) 13. Rd1 (13. Nxe5 Bxe2 14. Nxe2 Nxe4 $11) 13... Ne6 (13...
c6 {is another logical continuation.} 14. Rd2 Bxf3 15. Bxf3 Ne6 16. Qd1 Qf8 17.
Ne2 Bh6 18. Bxh6 Qxh6 19. c3 Ng5 $15 {0-1 Hansen,L-McNab,C/Copenhagen 1991/EXT
97 (59)}) 14. h3 {forcing black to change his light-squared bishop.} Bxf3 15.
Bxf3 c6 {covering the d5 square.} (15... Qf8 16. Nd5 Nxd5 17. Rxd5 Nd4 18. Bxd4
exd4 19. e5 Qe7 {1/2-1/2 Ribli,Z-Nunn,J/Germany 1990/GER-chT (19)}) 16. a3 {
waiting move. White has tried the following continuations as well, but didn't
succeed to get anything special:} (16. Ne2 Qc7 17. c3 a5 18. Qc2 Bf8 19. Bg4
Nxg4 20. hxg4 Bc5 $11 {1/2-1/2 Kaidanov,G-Wolff,P/Hastings 1990/TD (49)}) (16.
Nb1 Qc7 17. c3 Bf8 18. Nd2 Bc5 19. Bxc5 Nxc5 20. Nc4 Ne6 21. a4 {1/2-1/2
Unzicker,W-Hauchard,A/Bad Wildbad 1990/CBM 020 ext (21)}) 16... Qc7 17. Ne2 a5
$146 {limitting white on the queenside. In the preceding game black continued}
(17... Bf8 18. b4 a5 19. Qb2 axb4 20. axb4 Ra4 21. Bd2 h5 22. h4 c5 23. c3 Qd8
24. Qb3 Qa8 $11 {0-1 Taylor,P-Haydon,R/England 1998/EXT 2000 (41)}) 18. g4 {
White's plan is to drive away the knight from f6, and then to transfer the
light-squared bishop to g4.} Bf8 {The bishop is more active on diagonal f8-a3,
than on g7.} (18... Rd8 19. g5 Nd7 20. Bg4 Ndc5 21. Rxd8+ Qxd8 22. Ng3 $11) 19.
g5 Nd7 20. Bg4 Ndc5 21. f3 {strengthening the central pawn.} (21. Ng3 Nf4 $11)
21... a4 {fixing white's pawns on the queenside.} 22. Kg2 {White doesn't have
a concrete plan of improving his position.} Be7 23. h4 Rd8 $11 {Black has
absolutely equalized the game.} 24. Rxd8+ Qxd8 25. Qd2 h6 {changing the "h"
pawns.} 26. Qxd8+ Bxd8 27. gxh6 Bxh4 28. f4 {[%cal Rg4e6,Gf4f5] White opens up
the game in order to activate his pair of bishop.} exf4 29. Nxf4 Nxf4+ ({
Worth consideration:} 29... Kh7 $5 30. Nxe6 Nxe6 31. c3 (31. c4 Bf6) 31... Be7
{[%cal Ge7f8]} (31... Bg5 32. Bxe6 Bxe3 33. Bc8 $11) 32. Bd1 Bg5 33. Kf2 Bxe3+
34. Kxe3 b5 35. e5 $13 {[%cal Gd1f3]}) 30. Bxf4 Nxe4 31. Bc8 Nc5 ({Black
equalizes after} 31... b6 32. Bb7 Bf6 33. Bxc6 Nc5 34. Bc1 {[%cal Yc6d5]} Kh7
35. Be8 $11) 32. Be3 b6 33. b4 $1 {eliminating black's "a" and "b" pawns.} (33.
Bxc5 $6 {gives black some chances:} bxc5 34. Bd7 Bg5 (34... Bf6 $5) 35. Bxc6
Bxh6 36. Bxa4 Bc1 37. b4 Bxa3 38. b5 Bb2) 33... axb3 34. cxb3 Nxb3 35. Bxb6 Be7
{Black has to stop white's passed pawn "a", therefore, he transfers the bishop
to b4.} 36. a4 Bb4 37. Ba6 $1 Na5 (37... Kh7 {leads to a draw.} 38. Bc4 Na5 39.
Bxf7 $11) 38. Kf3 Kh7 39. Be3 {protecting the h6 pawn.} f5 (39... Bf8 {doesn't
change the evaluation of the position.} 40. Bb6 Nb3 41. Bb7 (41. Ke2 Bc5 42. a5
Bb4 43. Bc4 Nxa5 44. Bxf7 Kxh6 $17) 41... c5 42. a5 $11) 40. Ke2 Bd6 {
threatening with f5-f4.} 41. Bb6 Nb3 (41... Bb4 42. Be3 $11) 42. Bc4 Nc5 43. a5
Kxh6 44. a6 Nxa6 1/2-1/2

[Event "RUS-ch sf 58th"]
[Site "Kazan"]
[Date "2005.09.07"]
[Round "5"]
[White "Khalifman, Alexander"]
[Black "Chuprov, Dmitry"]
[Result "1/2-1/2"]
[WhiteElo "2653"]
[BlackElo "2477"]
[Annotator "Stohl,I"]
[PlyCount "119"]
[EventDate "2005.09.03"]
[EventType "swiss"]
[EventRounds "9"]
[EventCountry "RUS"]
[SourceTitle "CBM 109"]
[Source "ChessBase"]
[SourceDate "2005.11.14"]
[SourceVersion "1"]
[SourceVersionDate "2005.11.14"]
[SourceQuality "1"]

1. d4 Nf6 2. Nf3 d6 3. c4 g6 4. Nc3 Bg7 5. g3 O-O 6. Bg2 Nbd7 7. O-O e5 8. e4
exd4 9. Nxd4 a6 10. h3 Rb8 11. Be3 Re8 12. b3 $5 {Although overall played less
often than 12.a4, lately White has had good results with this continuation.} (
12. a4 Ne5 13. b3 Bd7 14. Ra2 h5 15. Rd2 Qc8 16. f4 Nc6 17. Kh2 h4 $6 (17...
Nb4 $142 $5) 18. gxh4 Nh5 19. Nd5 Qd8 20. Nf5 $1 Bxf5 21. exf5 Rxe3 $1 22. Nxe3
Qxh4 23. Qg4 Qxg4 24. hxg4 Nxf4 {Stohl,I-Arizmendi Martinez,J/EU-chT Leon/2001/
} 25. fxg6 fxg6 26. Bd5+ $16 {|^}) (12. Qc2 c5 {[%cal Yb7b5] /\b5<=>}) 12... c6
$146 {[%mdl 8] A new try, Black makes a generally useful move before launching
his <<<=>.} (12... Nc5 13. Qc2 Bd7 (13... Qe7 14. Rfe1 Bd7 15. f3 b5 16. cxb5
axb5 17. b4 Ne6 18. Nde2 g5 19. Rad1 c5 20. bxc5 dxc5 21. e5 Nh5 22. Nd5 Qd8
23. f4 $40 {Arsovic,G-Martic,Z/Bizovac op/2005/}) 14. b4 Ne6 15. Nb3 $1 $14 Qc8
16. Rad1 Nd8 17. Kh2 Nc6 18. a3 Re5 $6 19. g4 Bxg4 20. hxg4 Qxg4 21. Rh1 Rh5+
22. Kg1 Rxh1+ 23. Kxh1 Ne5 24. Qe2 $1 Qxe2 25. Nxe2 Nxc4 26. Bc1 Re8 27. Ng3
$16 {Avrukh,B-Arizmendi Martinez,J/Biel op/2003/ White's piece-play is worth
more than Black's P, which don't present a threat yet.}) ({Black has been
experiencing problems after the more logical and consistent} 12... c5 13. Nde2
b5 (13... Qc7 14. a4 $36 {is too passive, Black lacks effective <=>.} Ne5 15.
Ra2 Be6 16. f4 Nc6 17. g4 Nxg4 18. hxg4 Bxg4 19. Bf3 Qd7 20. Rd2 Rbd8 21. Bxc5
Bxf3 22. Rxf3 Bxc3 23. Nxc3 {1-0,Nielsen,P-Arizmendi Martinez,J/EU-ch Istanbul/
2003/}) 14. Qxd6 b4 15. Na4 Nxe4 16. Bxe4 Bxa1 (16... Rxe4 17. Rad1 Qe8 18.
Nxc5 Rxe3 (18... Rb6 19. Nxe4 $16 {/+-}) 19. Nxd7 Rxe2 (19... Bxd7 20. fxe3
Bxh3 21. Rf2 Be5 22. Qc5 Rc8 23. Qxb4 h5 24. Rd5 Bc7 25. Qc3 $16 {Grabarczyk,
M-Hagara,E/Pardubice op/2002/}) 20. Nxb8 Bxh3 21. Qb6 $1 Bf8 22. Rd8 Qe4 23.
Qc6 Qxc6 24. Nxc6 Bxf1 25. Kxf1 $36 {_|_,Borovikov,V-Golubev,M/UKR-ch/2001/})
17. Rxa1 Rxe4 18. Nxc5 Rb6 (18... Rxe3 19. fxe3 Qe8 20. e4 $1 (20. Nxd7 Bxd7
21. Kh2 Rc8 (21... Bc6 22. Nd4 Ba8 23. Rd1 Rd8 24. Qf6 Rd7 25. Qf4 Re7 $14 {
Konopka,M-Polzin,R/BL2N 9697/1996/}) 22. Nd4 h5 23. Rf1 Rd8 24. Qf6 Bc8 25. Rf2
Qd7 26. g4 hxg4 27. hxg4 Re8 28. Rf3 Qc7+ 29. Qf4 Qxf4+ 30. Rxf4 Rxe3 31. Nc6
a5 $1 $132 {Zakharstov,V-Iljin,A/Krasnoyarsk/2003/}) 20... Rb6 21. Qc7 {/\} Rf6
22. Rd1 $18 {Zakharstov}) (18... Re8 19. Rd1 Qe7 20. Qxe7 (20. Qc7 Nxc5 21.
Qxb8 Bb7 22. Qf4 Ne6 23. Qh4 f6 24. c5 Rd8 $44 {Ribli,Z-Krstic,U/Pula/1999/})
20... Rxe7 21. Nf4 Nxc5 22. Bxc5 Rd7 23. Nd5 Kg7 24. Bd4+ f6 25. Bxf6+ Kf7 26.
Be5 Rb6 27. Rd4 $36 {/+/-,Kiss,A-Tratar,M/AUT-chT/1996/}) 19. Qd2 Qf6 20. Rd1
Nxc5 21. Bxc5 $44 {->}) 13. Rb1 (13. Nde2 b5 $5 $132) (13. Qd2 $5 {[%cal Ya1d1]
/\Rad1[+]} Nc5 14. f3 $14) 13... Qe7 14. Re1 (14. Qd2 c5 15. Nde2 b5 16. Nf4
Bb7 17. f3 bxc4 18. bxc4 Ne5 $132) 14... c5 15. Nf3 $5 (15. Nde2 {is the usual
square for the N in this line,} b5 16. Nf4 $14 {seems to be a better version
of the above note. However, Khalifman's move is also strong.}) 15... b6 (15...
b5 16. Bf4 {can lead to a similar position as in the game after} Ne5 17. Nxe5
dxe5 18. Bg5 $36 {[%csl Rc5][%cal Rc3d5] /\Nd5 Black can have more problems
with his potential ><c5.}) 16. Bf4 $1 Ne5 17. Nxe5 dxe5 18. Bg5 {[%csl Rd5]
><d5 White has changed the character of the position, the hole on d5 gives him
a small, but permanent pull.} Bb7 19. Qd2 Qf8 20. a3 $5 {White is in no hurry
and gradually improves his position.} (20. Nd5 Nxd5 21. cxd5 Qd6 $14 {/=})
20... Rbd8 $6 {Now White forces the excahnge of the Bb7.} (20... h6 $142 21.
Be3 Red8 $14) 21. Nd5 Bxd5 22. cxd5 Rd6 23. b4 $36 Nd7 (23... c4 24. b5 $16 (
24. Be3 $16)) 24. bxc5 (24. Be3 $5 $16) 24... Nxc5 25. Be3 f5 $5 {Black tries
to get at least some <=>.} (25... Rc8 26. Rec1 $36) 26. Rec1 $6 (26. Bxc5 bxc5
27. Qc3 {[%csl Gb1,Gb2,Gb3,Gb4,Gb5,Gb6,Gb7,Gb8][%cal Yb1b7] /\Rb7|^<->b}) (26.
f3 Rc8 $14 {><e4}) (26. exf5 gxf5 27. Rec1 Bh6 $5 $132) 26... Nxe4 27. Bxe4
fxe4 28. Rxb6 (28. Rc6 Red8 {leads White nowhere.}) 28... Rxb6 29. Bxb6 {
[%mdl 4096] White's position with the o^d5 seems very attractive, but with the
following clever manoeuvre Black transposes into an only slightly worse _|_,
which he can hold.} Bh6 $1 30. Be3 Bxe3 31. Qxe3 Qf3 $1 32. Qc5 (32. Qxf3 exf3
$132) (32. Re1 Qxe3 33. Rxe3 Rd8 $11) 32... e3 $1 33. Qxe3 Qxd5 $132 34. Rc5
Qd4 35. Qb3+ (35. Qxd4 exd4 36. Rd5 Re1+ 37. Kg2 Ra1 $11) 35... Kh8 36. Rd5 (
36. Rc7 Rf8 $11) 36... Qe4 37. Qd3 {Black has <=>, connected with Qe1-e4, or
Rf(c)8, so White agrees to a Q-swap. But his small edge quickly dissipates.} (
37. Rd7 Rc8 $11) 37... Qxd3 38. Rxd3 e4 $5 39. Rc3 (39. Re3 Kg7 40. f3 Kf6 41.
fxe4 Ke5 $44) 39... Re5 40. a4 Ra5 41. Rc4 Re5 42. Kg2 Kg7 43. Rc7+ Kg8 44. h4
Ra5 45. Rc4 Re5 46. Kh3 Rf5 $1 (46... h5 $6 47. Rc6 $14) 47. Rxe4 Rxf2 48. Re8+
Kg7 49. Ra8 h5 50. Ra7+ Kh6 51. Rxa6 Ra2 $11 {Black gave the P at a suitable
moment, White's K is trapped on h3 and the _|_ is a draw.} 52. Ra7 Rc2 53. a5
Ra2 54. a6 g5 55. hxg5+ Kxg5 56. Ra8 Kg6 57. g4 Ra3+ 58. Kh4 Ra4 59. a7 Kg7 60.
Kxh5 1/2-1/2

[Event "RUS-ch sf 58th"]
[Site "Kazan"]
[Date "2005.09.08"]
[Round "6"]
[White "Lastin, Alexander"]
[Black "Khalifman, Alexander"]
[Result "0-1"]
[WhiteElo "2583"]
[BlackElo "2653"]
[Annotator "Rogozenco,D"]
[PlyCount "126"]
[EventDate "2005.09.03"]
[EventType "swiss"]
[EventRounds "9"]
[EventCountry "RUS"]
[SourceTitle "CBM 109"]
[Source "ChessBase"]
[SourceDate "2005.11.14"]
[SourceVersion "1"]
[SourceVersionDate "2005.11.14"]
[SourceQuality "1"]

1. e4 c5 2. Nf3 d6 3. d4 cxd4 4. Nxd4 Nf6 5. Nc3 g6 6. Be3 Bg7 7. f3 Nc6 8. Qd2
O-O 9. Bc4 Bd7 10. O-O-O Qa5 11. Kb1 Rfc8 12. Bb3 Ne5 13. g4 {Black does not
have major opening problems against this set-up, since Kb1 and g4 is not the
best combination of moves for White.} (13. Bg5 $5) ({Better than the text move
is} 13. h4 {The difference can be seen very clear in the following variation:}
b5 (13... Nc4 14. Bxc4 Rxc4 15. Nb3 $14 Qd8 16. e5 $1 Ne8 (16... dxe5 17. Nc5
$16) 17. h5 $40) 14. Ncxb5 $1 Qxd2 ({The retreat of the queen does not provide
Black with sufficient compensation. For instance:} 14... Qd8 15. Qe2 Rc5 16.
Nc3 Rb8 17. Ne6 $1 $16 {1-0 Glek,I (2600)-Ward,C (2485)/Copenhagen 1995 (31)}))
13... b5 ({Also possible is} 13... Nc4 14. Bxc4 Rxc4 15. Nb3 (15. h4 Rac8 $13 {
/=}) 15... Qd8 16. e5 (16. h4 Rac8 17. h5 Bxg4 $1 $132) 16... Ne8 $13 {
Comparing to the line with the pawn on h4 already (instead of g4, see 13.h4
Nc4 above), here White`s attack is slower and Black has sufficient
counterchances.}) 14. a3 $6 {Such advance can be seen very rare in the main
line of Dragon. It is obvious that the move a3 creates many additional
possibilities for Black and therefore it is a highly dubious decision. The
only reasonable options for White are 14.g5 or 14.h4.} (14. g5 Nh5 (14... b4
15. Nce2 $14 {/~~}) (14... Ne8 15. h4 $14) 15. Nd5 (15. Nce2 Qxd2 16. Rxd2 a5
17. a3 Rab8 18. Ng3 Nxg3 19. hxg3 a4 {followed by ...b4 secures Black good
counterplay}) (15. Ncxb5 $5 Qxd2 16. Rxd2 Nxf3 17. Nxf3 Bxb5 18. Bd5 Bc6 $13 {
/+/=. In spite of his broken pawn structure (the absence of pawn f3), White´s
position should not be underestimated. He has a pawn majority on the queenside
and black knight is out of play on h5. What is even more important, is that
White threatens Nd4, to force Black take on d5, after which the first player
will considerably improve his pawn formation by recapturing on d5 with the
pawn.}) 15... Qd8 $1 (15... Qxd2 16. Rxd2 Kf8 $14) 16. f4 Nc4 17. Bxc4 Rxc4 18.
f5 e6 {is similar to the game, only that here the rook is still on a8 and
White´s pawn on a2 instead of a3. This probably favors White, but changes
little in the evaluation: Black has no problems whatsoever.}) (14. h4 Nc4 (
14... Rab8 $5) 15. Bxc4 bxc4 $13) (14. Nd5 $6 Qxd2 15. Bxd2 (15. Rxd2 Nxd5 16.
Bxd5 (16. exd5 a5 17. a3 Rab8 18. c3 b4 $17 {0-1 Barendse,T (2206)-Carlsen,M 
(2484)/Wijk aan Zee 2004 (29)}) 16... Rab8 $15) (15. Nxf6+ Bxf6 16. Rxd2 a5 $15
) 15... Nxd5 16. Bxd5 (16. exd5 $2 Nxg4 17. fxg4 Bxd4 $17) 16... Rab8 $15) ({
Here} 14. Ncxb5 $2 {is bad due to the weakness of pawn f3, see 13.h4 b5 14.
Ncxb5!.} Qxd2 15. Rxd2 Nxf3 16. Nxf3 Bxb5 $17) 14... Rab8 15. g5 $146 {A
logical novelty, since now White had even less choices comparing to the
position before 14.a3. Here the advance of the h-pawn is no attractive at all.}
(15. h4 $6 Nc4 16. Bxc4 bxc4 {see 14.h4 above. Here we have the inclusion of
a3 for White and ...Rab8 for Black, which changes completely the evaluation:
Black is considerably better.} 17. Ka2 (17. Ka1 $142) 17... Rb6 18. h5 Rcb8 19.
Rb1 Ra6 20. hxg6 (20. Ka1 Bxg4 21. fxg4 Nxe4 22. Nxe4 Qxa3+ 23. bxa3 Rxa3#)
20... Rxb2+ {0-1 Barrientos Chavarriaga,S-Halay,T (2198)/Oropesa del Mar 2000
2001}) 15... Nh5 16. Nd5 (16. Nce2 b4 (16... Qxd2 {is also not bad, but the
advance of the b-pawn is even stronger}) 17. Ng3 Nc4 18. Bxc4 Rxc4 19. Nxh5
gxh5 $40 {[%csl Rb1] Black just has to retreat the queen (for instance to c7)
and his attack will become very strong.}) 16... Qd8 $1 {It makes no sense for
Black to trade the queens off, since his attacking prospects are better.} (
16... Qxd2 17. Bxd2 $14) 17. f4 Nc4 18. Bxc4 Rxc4 $5 {An interesting decision.
Probably most players would have taken with the pawn on b4, but the ex-World
Champion considers that it is more important for Black to keep influence in
the center. Besides, opening of the b-file remains a potential threat White
must always be aware of.} (18... bxc4 19. f5 e6 20. Nc3 $15) 19. f5 {White
must play actively in order to create some targets for attack. On the other
hand Black is better prepared for an open play, since White´s kings is
potentially much more exposed.} e6 $1 20. fxe6 (20. Nb4 a5 21. Na2 exf5 $5 (
21... b4 $40) 22. exf5 Bxd4 23. Bxd4 Bxf5 $17) (20. Nc3 b4 21. axb4 Rcxb4 22.
Nb3 Be5 $17) (20. f6 exd5 21. fxg7 dxe4 $17) 20... fxe6 21. b3 {White creates
a lot of weaknesses around his king. Sooner or later this will play its role,
even if Black does not have a quick attack at the moment.} ({Possibly more
chances to complicate matters would have offered something like} 21. Nb3 {
[%cal Gd2d8]} Rxe4 ({The point of the previous move is that} 21... exd5 {
is bad for Black:} 22. Qxd5+ Kh8 23. Qxd6 Rb7 24. Rhf1 $36 {[%cal Gf1f7,Gb3c5]}
) (21... a5 $5) 22. Nc3 {and White creates counterplay in the center}) 21...
Rcc8 22. Nb4 (22. Nc3 Qa5 23. Kb2 b4 24. axb4 Qxb4 $19) 22... a5 23. Nd3 Qc7
$17 24. Rhf1 a4 $1 {Fighting for square c4.} 25. Nb4 (25. b4 e5 $5 (25... Qc4
26. Nb2 Qc3 27. Qxc3 Rxc3 28. Rd3 $15) 26. Ne2 Qc4 $17 {[%csl Re4][%cal Gd7e6]}
) 25... Qb7 ({Stronger is} 25... Ra8 $1 {at once. In opposite to the game
White cannot protect pawn a3 with the bishop, which means that his position is
very difficult.}) 26. Qd3 Ra8 27. Bc1 $1 {Thanks to this defensive move White
holds the position. Black still has the advantage mainly thanks to his bishop
pair, but now it is much more difficult to increase it.} Rf8 28. Bb2 Nf4 $1 {
Khalifman immediately uses the fact that White removed control of square f4.}
29. Qe3 e5 {The only way to keep the knight on f4. Of course Black closes his
bishop on g7, but on the other hand it also practically closes the bishop on
g2 and takes away square d4 from white pieces.} 30. Nf3 ({White cannot
challenge opponent´s knight:} 30. Ne2 $2 Bg4 $19) 30... Bh3 31. Rf2 Rad8 32.
Rdd2 Be6 {White´s position is rather difficult. He has no targets for attack
and no coordination between pieces. Besides, almost all his pawns are weak.
His only good piece is the knight on b4, but one soldier in such a fight is
clearly not enough. Lastin tries to improve the position, but he only
increases opponent´s advantage.} 33. bxa4 bxa4 34. Ne1 d5 {Opening the
position and trading White´s b4-knight.} 35. exd5 Nxd5 36. Nxd5 Bxd5 {[%csl
Rb1]} 37. Nd3 Rxf2 (37... Rfe8 $5) (37... Rf4 $6 38. Rxf4 $1 exf4 39. Qxf4 $13)
38. Rxf2 Bc4 (38... Be4 $5 39. Rd2 Bf5 $17) 39. Rd2 (39. Nb4 Rd1+ 40. Bc1 Qh1 {
leaves White almost in zugzwang.}) 39... Qd5 {The March Of The Black Queen} (
39... e4 $6 40. Nb4) 40. Bc3 Qh1+ 41. Nc1 Qb7+ 42. Bb4 {In spite of Black´s
efforts, White succeeded to avoid a quick loss in a difficult position, but he
still remains with problems. Khalifman changes his tactic and trades
practically everything, using the fact that in endgame his king can attack
quickly White´s kingside pawns.} Rxd2 43. Qxd2 Qd5 44. Nd3 (44. Qxd5+ Bxd5 $17)
44... Bxd3 (44... e4 45. Nc5 Bd4 46. Qf4 $13) 45. cxd3 e4 46. dxe4 Qxe4+ (46...
Qb3+ $2 47. Kc1 {is not dangerous for White}) 47. Kc1 Bd4 $1 {[%csl Rb4,Gd4]
In spite of the simplicity White still needs to be very careful. His king is
worse, pawns are blockaded on the dark squares (which make the trade of queens
usually bad for White) and the pieces are less active. His only hope is
perpetual check, but Khalifman prevents it.} 48. Kd1 Kf7 {Starting the march
of the black king.} 49. Qa2+ (49. Bc3 Qb1+ 50. Ke2 Qb5+ 51. Qd3 Qe5+ 52. Kd2
Qxg5+ $17) 49... Qe6 50. Qg2 Qb3+ 51. Ke2 (51. Qc2 Ke6 52. Qxb3+ axb3 $17)
51... Qe3+ 52. Kf1 Ke6 53. Qc6+ (53. Qg4+ Kd5 54. Qg2+ Ke5 $17) ({I think
White should have tried to bring his bishop into play and protect pawn g5, in
order to release the queen. For instance after} 53. Bd2 {if Black takes the
pawn} Qxa3 {the White gives perpetual:} 54. Qe4+ Be5 55. Qc4+ Kf5 (55... Kd7
56. Qb5+) 56. Qc2+) 53... Kf5 $19 54. Qd5+ Kg4 55. Qd7+ Kf3 56. Qd5+ Qe4 {
The difference between bishops allowed Black to use at maximum the power of
the queen. With opponent´s king on f3 White has no chances to survive.} 57.
Qf7+ (57. Qxe4+ Kxe4 58. Ke2 Be5 59. h3 Kf5 60. Be7 Bf4 $19) 57... Qf5 58. Qa2
(58. Qb7+ Ke3+ $19) 58... Qd3+ 59. Ke1 Bc3+ 60. Bxc3 Qxc3+ 61. Qd2 Qa1+ 62.
Qd1+ Qxd1+ 63. Kxd1 Kg2 0-1